|
|
|
|
| LEADER |
01458nam a2200265 a 4500 |
| 001 |
GR-MES1389 |
| 008 |
991111s1992 gr 000 0 gre d |
| 040 |
|
|
|a GrPaTEI
|b gre
|c GR-PaULI
|
| 245 |
0 |
0 |
|a Κώδικας φορολογίας εισοδήματος φυσικών και νομικών προσώπων :
|b Κωδικοποιήση των ν.δ 3323/55 και ν.δ 3843/58 μέχρι και των τελευταίων φορολογικών νόμων 2065/92 και 2093/92.
|
| 250 |
|
|
|a 16η εκδ
|
| 260 |
|
|
|a Αθήνα :
|b Πάμισος,
|c 1992
|
| 300 |
|
|
|a 320σελ.
|
| 490 |
0 |
|
|a Κώδικες οικονομικής νομοθεσίας / Τότσης Χρήστος ;
|v 1
|
| 500 |
|
|
|a περιέχει ευρετήριο όρων
|
| 650 |
|
4 |
|a Εισόδημα
|
| 650 |
|
4 |
|a ΝΟΜΙΚΑ ΠΡΟΣΩΠΑ
|
| 650 |
|
4 |
|a Νομοθεσία
|
| 650 |
|
4 |
|a Φορολογία
|
| 650 |
|
4 |
|a ΦΥΣΙΚΑ ΠΡΟΣΩΠΑ
|
| 710 |
0 |
|
|a Πάμισος
|
| 942 |
|
|
|2 ddc
|
| 952 |
|
|
|0 0
|1 0
|2 ddc
|4 0
|6 336_240000000000000_ΤΟΤ
|7 0
|9 265539
|a MSLG
|b MSLG
|c BSC
|d 2021-01-17
|e 24
|f 0
|g 0.00
|l 0
|o 336.24 ΤΟΤ
|p 2420000001551
|r 2021-01-17 00:00:00
|t 1
|w 2021-01-17
|y BK15
|x 19991111 0 1
|x GrPaTEI
|
| 952 |
|
|
|0 0
|1 0
|2 ddc
|4 0
|6 336_240000000000000_ΤΟΤ
|7 0
|9 265540
|a MSLG
|b MSLG
|c BSC
|d 2021-01-17
|e 24
|f 0
|g 0.00
|l 0
|o 336.24 ΤΟΤ
|p 2420000001552
|r 2021-01-17 00:00:00
|t 1
|w 2021-01-17
|y BK15
|x 19991111 0 1
|x GrPaTEI
|
| 971 |
|
|
|a .b25724319
|b 16-04-20
|c 13-09-16
|
| 999 |
|
|
|c 152643
|d 152643
|